Byene/Tettstedene i Møre og Romsdal over 2,000 innbyggere - Statistics

General Stats
  • This quiz has been taken 68 times
  • The average score is 11 of 20
Answer Stats
Befolkning By % Correct
52,163 Ålesund
100%
18,412 Kristiansund
100%
20,863 Molde
100%
2,337 Åndalsnes
81%
7,230 Ørsta
77%
6,368 Volda
77%
2,368 Vestnes
63%
3,440 Hareid
58%
2,920 Stranda
58%
4,064 Sunndalsøra
53%
4,321 Sykkylven
53%
3,610 Fosnavåg
47%
2,533 Elnesvågen
40%
2,552 Skei-Surnadalsøra
40%
2,423 Brattvåg
37%
2,465 Skodje
33%
5,694 Ulsteinsvik
28%
2,243 Vatne
26%
2,539 Rensvik
14%
4,083 Nordstrand
9%
No matching quizzes found
Score Distribution
Percent of People with Each Score
Percentile by Number Answered
Your Score History
You have not taken this quiz